000 00355nam a2200133Ia 4500
008 151001s9999||||xx |||||||||||||| ||und||
100 _aबी आर आंबेडकर
245 _aआंबेडकर कहा था
250 _a1
260 _bआरोग्य निधी
260 _c2009
300 _a166
365 _b21
999 _c994821
_d994818